|
|
|
|
| LEADER |
03788nam a22004933i 4500 |
| 001 |
EBC5529871 |
| 003 |
MiAaPQ |
| 005 |
20231204023214.0 |
| 006 |
m o d | |
| 007 |
cr cnu|||||||| |
| 008 |
231204s2018 xx o ||||0 eng d |
| 020 |
|
|
|a 9783319773384
|q (electronic bk.)
|
| 020 |
|
|
|z 9783319773377
|
| 035 |
|
|
|a (MiAaPQ)EBC5529871
|
| 035 |
|
|
|a (Au-PeEL)EBL5529871
|
| 035 |
|
|
|a (OCoLC)1048609820
|
| 040 |
|
|
|a MiAaPQ
|b eng
|e rda
|e pn
|c MiAaPQ
|d MiAaPQ
|
| 050 |
|
4 |
|a TP248.27.P55
|
| 100 |
1 |
|
|a Sarsu, Fatma.
|
| 245 |
1 |
0 |
|a Pre-Field Screening Protocols for Heat-Tolerant Mutants in Rice.
|
| 250 |
|
|
|a 1st ed.
|
| 264 |
|
1 |
|a Cham :
|b Springer International Publishing AG,
|c 2018.
|
| 264 |
|
4 |
|c Ã2018.
|
| 300 |
|
|
|a 1 online resource (51 pages)
|
| 336 |
|
|
|a text
|b txt
|2 rdacontent
|
| 337 |
|
|
|a computer
|b c
|2 rdamedia
|
| 338 |
|
|
|a online resource
|b cr
|2 rdacarrier
|
| 505 |
0 |
|
|a Intro -- Preface -- Acknowledgements -- Executive Summary -- Contents -- Chapter 1: General Introduction -- 1.1 Background Analysis -- 1.2 Physiology and Genetics of Heat Tolerance in Rice -- 1.3 Physiological and Biochemical Heat Stress Indicators in Rice -- 1.4 Breeding for Heat Tolerance in Rice -- Chapter 2: Screening Protocols for Heat Tolerance in Rice at the Seedling and Reproductive Stages -- 2.1 Background Analysis -- 2.2 Screening Protocol for Heat Tolerance in Rice at the Seedling Stage -- 2.2.1 Plant Materials -- 2.2.2 Screening for Heat Tolerance Using Hydroponics -- 2.2.2.1 Seedling Establishment in Hydroponics -- 2.2.2.2 Care Required During Plant Growth in Hydroponics -- 2.2.3 Screening for Heat Tolerance in Soil Using Pots -- 2.2.4 Heat Treatment and Recovery of Seedlings -- 2.2.5 Assessment of Heat Tolerance at the Seedling Stage -- 2.2.6 Heat Tolerance Index (HTI) -- 2.2.7 Recovery Stage After Heat Treatment -- 2.3 Screening Protocol for Heat Tolerance in Rice at the Flowering Stage -- 2.3.1 Germination and Seedling Establishment in Hydroponics and Pots -- 2.3.2 Heat Treatment at the Flowering Stage -- 2.3.3 Screening for Heat Tolerance at the Flowering Stage -- Chapter 3: Validation of Screening Protocols for Heat Tolerance in Rice -- 3.1 Background Analysis -- 3.2 Validation of Physiological and Biochemical Indicators -- 3.2.1 Physiological and Biochemical Characterization of Heat Tolerant Lines at the Seedling Stage -- 3.2.2 Physiological and Biochemical Characterization of Heat Tolerant Lines at the Flowering Stage -- 3.2.3 Methods -- 3.2.3.1 Electrolyte Leakage Measurement -- 3.2.3.2 Lipid Peroxidation Assay -- 3.2.3.3 Measurement of Total Proteins -- 3.2.3.4 Antioxidant Enzyme Activity Assay -- 3.3 Validation Protocols of Rice Heat Tolerance Under Field Conditions -- Chapter 4: Conclusion.
|
| 505 |
8 |
|
|a Correction to: Pre-Field Screening Protocols for Heat-Tolerant Mutants in Rice -- References.
|
| 588 |
|
|
|a Description based on publisher supplied metadata and other sources.
|
| 590 |
|
|
|a Electronic reproduction. Ann Arbor, Michigan : ProQuest Ebook Central, 2023. Available via World Wide Web. Access may be limited to ProQuest Ebook Central affiliated libraries.
|
| 655 |
|
4 |
|a Electronic books.
|
| 700 |
1 |
|
|a Ghanim, Abdelbagi M. A.
|
| 700 |
1 |
|
|a Das, Priyanka.
|
| 700 |
1 |
|
|a Bahuguna, Rajeev N.
|
| 700 |
1 |
|
|a Kusolwa, Paul Mbogo.
|
| 700 |
1 |
|
|a Ashraf, Muhammed.
|
| 700 |
1 |
|
|a Singla-Pareek, Sneh L.
|
| 700 |
1 |
|
|a Pareek, Ashwani.
|
| 700 |
1 |
|
|a Forster, Brian P.
|
| 700 |
1 |
|
|a Ingelbrecht, Ivan.
|
| 776 |
0 |
8 |
|i Print version:
|a Sarsu, Fatma
|t Pre-Field Screening Protocols for Heat-Tolerant Mutants in Rice
|d Cham : Springer International Publishing AG,c2018
|z 9783319773377
|
| 797 |
2 |
|
|a ProQuest (Firm)
|
| 856 |
4 |
0 |
|u https://ebookcentral.proquest.com/lib/matrademy/detail.action?docID=5529871
|z Click to View
|